000 01375nkm a2200289 i 4500
001 4028
003 ES-MaACL
005 20250713062908.0
007 khrbo
008 070625s1987 sp --- g |001||spa d
100 0 _aAlfonso,
_d1902-1990
_919858
245 1 0 _aConcierto de Aida Monasterio y Maravillas Losada [
_hFotografía]
_b: estreno de obras para piano y canciones de Consuelo Valcarce Burgos /
_cAlfonso (sello).
260 _a[S.l. :
_bs.n.],
_c1987.
300 _a2 fot. :
_bb. y n. ;
_c12 x 18 cm.
500 _aDatos basados en invitación.
511 0 _aIntervienen: Aida Monasterio, Maravillas Losada.
518 _aActo organizado por el Ateneo de Madrid en colaboración con la Asociación Universitaria "Sta. María de la Almudena" y la Sección de Música, celebrado en el salón de actos el jueves, 7 de mayo de 1987, a las 20:00 h.
600 1 4 _aMonasterio, Aida.
_982105
600 1 4 _aLosada, Maravillas.
_974260
600 1 4 _aValcarce Burgos, Consuelo.
_9112464
610 2 4 _aAteneo de Madrid-
_xActos culturales-
_y1987-
_vFotografías.
_91902
710 2 _aAteneo de Madrid.
_bSección de Música.
_92004
710 2 _aAsociación Universitaria "Santa María de la Almudena"
_91798
852 _aES-MaACL
_jFOT 93/1987
856 4 _uhttp://www.ateneodemadrid.net/biblioteca_digital/imagenes/1987/0093-1987.jpg
_zVer imagen
999 _c4028
_d4028